China wakes : (Record no. 63212)
[ view plain ]
| 000 -LEADER | |
|---|---|
| fixed length control field | 01612 a2200469 4500 |
| 001 - CONTROL NUMBER | |
| control field | 63212 |
| 003 - CONTROL NUMBER IDENTIFIER | |
| control field | TR-AnTOB |
| 005 - DATE AND TIME OF LATEST TRANSACTION | |
| control field | 20231129161137.0 |
| 008 - FIXED-LENGTH DATA ELEMENTS--GENERAL INFORMATION | |
| fixed length control field | 940329s1994 nyuab b 001 0 eng |
| 010 ## - LIBRARY OF CONGRESS CONTROL NUMBER | |
| LC control number | 94010609 |
| 020 ## - INTERNATIONAL STANDARD BOOK NUMBER | |
| International Standard Book Number | 0812922522 (alk. paper) |
| 035 #9 - SYSTEM CONTROL NUMBER | |
| System control number | (SBN)AJS0948 |
| System control number | 30318778 |
| 040 ## - CATALOGING SOURCE | |
| Original cataloging agency | DLC |
| Transcribing agency | DLC |
| Modifying agency | CUV |
| 041 ## - LANGUAGE CODE | |
| Language code of text/sound track or separate title | İngilizce |
| 043 ## - GEOGRAPHIC AREA CODE | |
| Geographic area code | a-cc--- |
| 049 ## - LOCAL HOLDINGS (OCLC) | |
| Holding library | CUVA |
| 050 #0 - LIBRARY OF CONGRESS CALL NUMBER | |
| Classification number | HC427.92 |
| Item number | .K75 1994 |
| 090 ## - LOCALLY ASSIGNED LC-TYPE CALL NUMBER (OCLC); LOCAL CALL NUMBER (RLIN) | |
| Classification number (OCLC) (R) ; Classification number, CALL (RLIN) (NR) | HC427.92 .K75 1994 |
| 100 ## - MAIN ENTRY--PERSONAL NAME | |
| Personal name | Kristof, Nicholas D., |
| Dates associated with a name | 1959- |
| 9 (RLIN) | 34909 |
| 245 #0 - TITLE STATEMENT | |
| Title | China wakes : |
| Remainder of title | the struggle for the soul of a rising power / |
| Statement of responsibility, etc. | Nicholas D. Kristof and Sheryl WuDunn. |
| 264 #1 - PRODUCTION, PUBLICATION, DISTRIBUTION, MANUFACTURE, AND COPYRIGHT NOTICE | |
| Place of production, publication, distribution, manufacture | New York : |
| Name of producer, publisher, distributor, manufacturer | Times Books, |
| Date of production, publication, distribution, manufacture, or copyright notice | c1994. |
| 300 ## - PHYSICAL DESCRIPTION | |
| Extent | 501 p. : |
| Other physical details | ill., maps ; |
| Dimensions | 25 cm. |
| 504 ## - BIBLIOGRAPHY, ETC. NOTE | |
| Bibliography, etc. note | |
| 651 #0 - SUBJECT ADDED ENTRY--GEOGRAPHIC NAME | |
| Geographic name | China |
| General subdivision | Economic conditions |
| Chronological subdivision | 1976-2000 |
| 9 (RLIN) | 34913 |
| Geographic name | China |
| General subdivision | Politics and government |
| Chronological subdivision | 1976-2002 |
| 9 (RLIN) | 34912 |
| Geographic name | China |
| General subdivision | Social conditions |
| Chronological subdivision | 1976-2000 |
| 9 (RLIN) | 34911 |
| 700 ## - ADDED ENTRY--PERSONAL NAME | |
| Personal name | WuDunn, Sheryl, |
| Dates associated with a name | 1959- |
| 9 (RLIN) | 34910 |
| 901 ## - LOCAL DATA ELEMENT A, LDA (RLIN) | |
| a | DVXL |
| b | 001774586 |
| 942 ## - ADDED ENTRY ELEMENTS (KOHA) | |
| Koha item type | Book |
| Withdrawn status | Lost status | Source of classification or shelving scheme | Materials specified (bound volume or other part) | Not for loan | Collection code | Home library | Current library | Shelving location | Date acquired | Source of acquisition | Serial Enumeration / chronology | Inventory number | Total Checkouts | Total Holds | Full call number | Barcode | Copy number | Date shelved | Koha item type |
|---|---|---|---|---|---|---|---|---|---|---|---|---|---|---|---|---|---|---|---|
| C.1 | Ödünç Verilebilir / Available | Genel Koleksiyon | Merkez Kütüphane | Merkez Kütüphane | Genel Koleksiyon / Main Collection | 28/12/2007 | Bağış / Donation | 1 | İKT | HC427.92 .K75 1994 | 0020807 | 1 | 21/04/2010 | Book |
